| 000 | 00635nam a22002297a 4500 | ||
|---|---|---|---|
| 001 | 0074 | ||
| 003 | DO-SdBNP | ||
| 005 | 20180126111648.0 | ||
| 007 | 0074 | ||
| 008 | 151207b sp 2004 xxu||||| |||| 00| 0 spa d | ||
| 020 | _a8426352367 | ||
| 040 |
_aBPMSU _bspa _cBPMSU |
||
| 100 | 1 | 0 |
_aPreuss, Gunter, _d1940- |
| 245 | 1 | 3 |
_aLa gran sequía / _cGunter Preuss ; ilustración Asun Balzola ; traducción Amalia Bermejo |
| 260 |
_aMadrid : _bEdelvives, _c2004. |
||
| 300 |
_a109 p. : _bil., _c20 cm. |
||
| 490 | 1 | 0 | _aA la Delta |
| 830 | 0 | 0 | _aA la delta |
| 942 |
_2ddc _cBK |
||
| 945 | _aInventariado, 2018/MFF | ||
| 956 | _aBrenda Tavárez | ||
| 999 |
_c9037 _d9037 |
||